<?xml version="1.0" encoding="UTF-8"?>
<collection xmlns="http://www.loc.gov/MARC21/slim">
 <record>
  <leader>01758nam a2200253 a 4500</leader>
  <controlfield tag="008">090826b        ii a          000 0 eng d  </controlfield>
  <datafield tag="082" ind1="0" ind2="0">
   <subfield code="a">516</subfield>
  </datafield>
  <datafield tag="100" ind1="1" ind2=" ">
   <subfield code="a">Kar, J.M.</subfield>
  </datafield>
  <datafield tag="245" ind1="1" ind2="0">
   <subfield code="a">Analytical geometry of the conic sections, </subfield>
   <subfield code="c">J.M. kar</subfield>
  </datafield>
  <datafield tag="250" ind1=" " ind2=" ">
   <subfield code="a">5th ed.</subfield>
  </datafield>
  <datafield tag="260" ind1=" " ind2=" ">
   <subfield code="a">Delhi ;</subfield>
   <subfield code="b">Standard law house, </subfield>
   <subfield code="c">[ ].</subfield>
  </datafield>
  <datafield tag="300" ind1=" " ind2=" ">
   <subfield code="a">466 p. :</subfield>
   <subfield code="b">diagrs. ;</subfield>
   <subfield code="c">21 cm.</subfield>
  </datafield>
  <datafield tag="541" ind1="1" ind2=" ">
   <subfield code="e">00009465</subfield>
  </datafield>
  <datafield tag="650" ind1=" " ind2="0">
   <subfield code="a">Geometry, Analytic </subfield>
   <subfield code="x">Plane.</subfield>
  </datafield>
  <datafield tag="650" ind1=" " ind2="0">
   <subfield code="a">Conic sections.</subfield>
  </datafield>
  <datafield tag="852" ind1="4" ind2=" ">
   <subfield code="a">Ayesha Abed Library </subfield>
   <subfield code="j">General Shelf.</subfield>
  </datafield>
  <datafield tag="999" ind1=" " ind2=" ">
   <subfield code="c">3545</subfield>
   <subfield code="d">3545</subfield>
  </datafield>
  <datafield tag="952" ind1=" " ind2=" ">
   <subfield code="0">0</subfield>
   <subfield code="1">0</subfield>
   <subfield code="2">ddc</subfield>
   <subfield code="4">0</subfield>
   <subfield code="6">516_KAR</subfield>
   <subfield code="7">0</subfield>
   <subfield code="9">3218</subfield>
   <subfield code="a">BRACUL</subfield>
   <subfield code="b">BRACUL</subfield>
   <subfield code="c">GEN</subfield>
   <subfield code="d">2009-09-02</subfield>
   <subfield code="g">0.00</subfield>
   <subfield code="l">2</subfield>
   <subfield code="o">516 KAR</subfield>
   <subfield code="p">3010009465</subfield>
   <subfield code="r">2016-05-22</subfield>
   <subfield code="s">2016-05-15</subfield>
   <subfield code="t">1</subfield>
   <subfield code="w">2009-09-02</subfield>
   <subfield code="y">BK</subfield>
   <subfield code="x">No price found in the accession register.</subfield>
  </datafield>
  <datafield tag="952" ind1=" " ind2=" ">
   <subfield code="0">0</subfield>
   <subfield code="1">0</subfield>
   <subfield code="2">ddc</subfield>
   <subfield code="4">1</subfield>
   <subfield code="6">516_KAR</subfield>
   <subfield code="7">0</subfield>
   <subfield code="9">8746</subfield>
   <subfield code="a">BRACUL</subfield>
   <subfield code="b">BRACUL</subfield>
   <subfield code="c">SPS</subfield>
   <subfield code="d">2010-03-23</subfield>
   <subfield code="l">2</subfield>
   <subfield code="m">2</subfield>
   <subfield code="o">516 KAR</subfield>
   <subfield code="p">3010009466</subfield>
   <subfield code="r">2012-10-14</subfield>
   <subfield code="s">2012-10-02</subfield>
   <subfield code="t">2</subfield>
   <subfield code="w">2010-03-23</subfield>
   <subfield code="y">BK</subfield>
   <subfield code="x">Photocopy Book. Declared as Damaged on December 10, 2023</subfield>
  </datafield>
  <datafield tag="952" ind1=" " ind2=" ">
   <subfield code="0">0</subfield>
   <subfield code="1">0</subfield>
   <subfield code="2">ddc</subfield>
   <subfield code="4">0</subfield>
   <subfield code="6">516_KAR</subfield>
   <subfield code="7">0</subfield>
   <subfield code="9">9472</subfield>
   <subfield code="a">BRACUL</subfield>
   <subfield code="b">BRACUL</subfield>
   <subfield code="c">GEN</subfield>
   <subfield code="d">2010-04-27</subfield>
   <subfield code="l">2</subfield>
   <subfield code="m">11</subfield>
   <subfield code="o">516 KAR</subfield>
   <subfield code="p">3010009968</subfield>
   <subfield code="r">2019-05-07</subfield>
   <subfield code="s">2019-02-20</subfield>
   <subfield code="t">3</subfield>
   <subfield code="w">2010-04-27</subfield>
   <subfield code="y">BK</subfield>
  </datafield>
  <datafield tag="952" ind1=" " ind2=" ">
   <subfield code="0">0</subfield>
   <subfield code="1">0</subfield>
   <subfield code="2">ddc</subfield>
   <subfield code="4">0</subfield>
   <subfield code="6">516_KAR</subfield>
   <subfield code="7">0</subfield>
   <subfield code="9">16305</subfield>
   <subfield code="a">BRACUL</subfield>
   <subfield code="b">BRACUL</subfield>
   <subfield code="c">GEN</subfield>
   <subfield code="d">2011-05-05</subfield>
   <subfield code="l">2</subfield>
   <subfield code="m">1</subfield>
   <subfield code="o">516 KAR</subfield>
   <subfield code="p">3010009469</subfield>
   <subfield code="r">2019-03-24</subfield>
   <subfield code="s">2019-03-19</subfield>
   <subfield code="t">4</subfield>
   <subfield code="w">2011-05-05</subfield>
   <subfield code="y">BK</subfield>
  </datafield>
  <datafield tag="952" ind1=" " ind2=" ">
   <subfield code="0">0</subfield>
   <subfield code="1">0</subfield>
   <subfield code="2">ddc</subfield>
   <subfield code="4">1</subfield>
   <subfield code="6">516_KAR</subfield>
   <subfield code="7">0</subfield>
   <subfield code="9">16306</subfield>
   <subfield code="a">BRACUL</subfield>
   <subfield code="b">BRACUL</subfield>
   <subfield code="c">SPS</subfield>
   <subfield code="d">2011-05-05</subfield>
   <subfield code="l">2</subfield>
   <subfield code="m">2</subfield>
   <subfield code="o">516 KAR</subfield>
   <subfield code="p">3010009468</subfield>
   <subfield code="r">2018-11-29</subfield>
   <subfield code="s">2018-09-12</subfield>
   <subfield code="t">5</subfield>
   <subfield code="w">2011-05-05</subfield>
   <subfield code="y">BK</subfield>
   <subfield code="x">Photocopy Book. Declared as Damaged on December 10, 2023</subfield>
  </datafield>
  <datafield tag="952" ind1=" " ind2=" ">
   <subfield code="0">0</subfield>
   <subfield code="1">0</subfield>
   <subfield code="2">ddc</subfield>
   <subfield code="4">1</subfield>
   <subfield code="6">516_KAR</subfield>
   <subfield code="7">0</subfield>
   <subfield code="9">16307</subfield>
   <subfield code="a">BRACUL</subfield>
   <subfield code="b">BRACUL</subfield>
   <subfield code="c">SPS</subfield>
   <subfield code="d">2011-05-05</subfield>
   <subfield code="l">1</subfield>
   <subfield code="m">5</subfield>
   <subfield code="o">516 KAR</subfield>
   <subfield code="p">3010009471</subfield>
   <subfield code="r">2018-09-12</subfield>
   <subfield code="s">2018-07-31</subfield>
   <subfield code="t">6</subfield>
   <subfield code="w">2011-05-05</subfield>
   <subfield code="y">BK</subfield>
   <subfield code="x">Photocopy Book. Declared as Damaged on December 10, 2023</subfield>
  </datafield>
  <datafield tag="952" ind1=" " ind2=" ">
   <subfield code="0">0</subfield>
   <subfield code="1">0</subfield>
   <subfield code="2">ddc</subfield>
   <subfield code="4">0</subfield>
   <subfield code="6">516_KAR</subfield>
   <subfield code="7">0</subfield>
   <subfield code="9">16308</subfield>
   <subfield code="a">BRACUL</subfield>
   <subfield code="b">BRACUL</subfield>
   <subfield code="c">GEN</subfield>
   <subfield code="d">2011-05-05</subfield>
   <subfield code="l">0</subfield>
   <subfield code="o">516 KAR</subfield>
   <subfield code="p">3010009473</subfield>
   <subfield code="r">2011-05-05</subfield>
   <subfield code="t">7</subfield>
   <subfield code="w">2011-05-05</subfield>
   <subfield code="y">BK</subfield>
  </datafield>
 </record>
</collection>
